<?xml version="1.0" encoding="UTF-8"?>
<record
    xmlns:xsi="http://www.w3.org/2001/XMLSchema-instance"
    xsi:schemaLocation="http://www.loc.gov/MARC21/slim http://www.loc.gov/standards/marcxml/schema/MARC21slim.xsd"
    xmlns="http://www.loc.gov/MARC21/slim">

  <leader>02983nam0a2200445   4500</leader>
  <controlfield tag="001">RU\NLR\bibl\1766704</controlfield>
  <controlfield tag="005">20260406061339.0</controlfield>
  <datafield tag="010" ind1=" " ind2=" ">
    <subfield code="a">978-5-699-47704-3</subfield>
    <subfield code="9">4000</subfield>
  </datafield>
  <datafield tag="021" ind1=" " ind2=" ">
    <subfield code="a">RU</subfield>
    <subfield code="b">2011-24099</subfield>
    <subfield code="9">190&#x434;/11</subfield>
  </datafield>
  <datafield tag="035" ind1=" " ind2=" ">
    <subfield code="a">(nilc)RSL-KNO-004943240</subfield>
  </datafield>
  <datafield tag="035" ind1=" " ind2=" ">
    <subfield code="a">(NLR Aleph) 001757499</subfield>
  </datafield>
  <datafield tag="090" ind1=" " ind2=" ">
    <subfield code="a">1557501</subfield>
    <subfield code="c">1557501</subfield>
  </datafield>
  <datafield tag="100" ind1=" " ind2=" ">
    <subfield code="a">20110411d2011    |||y0rusy50      ca</subfield>
  </datafield>
  <datafield tag="101" ind1="1" ind2=" ">
    <subfield code="a">rus</subfield>
    <subfield code="c">eng</subfield>
  </datafield>
  <datafield tag="102" ind1=" " ind2=" ">
    <subfield code="a">RU</subfield>
  </datafield>
  <datafield tag="105" ind1=" " ind2=" ">
    <subfield code="a">a   |||||||||</subfield>
  </datafield>
  <datafield tag="200" ind1="1" ind2=" ">
    <subfield code="a">&#x412;&#x430;&#x441;&#x43A;&#x43E; &#x434;&#x430; &#x413;&#x430;&#x43C;&#x430;. &#x41F;&#x443;&#x442;&#x435;&#x448;&#x435;&#x441;&#x442;&#x432;&#x438;&#x44F; &#x432; &#x418;&#x43D;&#x434;&#x438;&#x44E;</subfield>
    <subfield code="e">[&#x441;&#x431;&#x43E;&#x440;&#x43D;&#x438;&#x43A;</subfield>
    <subfield code="f">&#x43F;&#x435;&#x440;. &#x441; &#x430;&#x43D;&#x433;&#x43B;. &#x418;. &#x41B;&#x435;&#x442;&#x431;&#x435;&#x440;&#x433;&#x430;, &#x413;. &#x413;&#x43E;&#x43B;&#x43E;&#x432;&#x430;&#x43D;&#x43E;&#x432;&#x430;]</subfield>
  </datafield>
  <datafield tag="210" ind1=" " ind2=" ">
    <subfield code="a">&#x41C;&#x43E;&#x441;&#x43A;&#x432;&#x430;</subfield>
    <subfield code="c">&#x42D;&#x43A;&#x441;&#x43C;&#x43E;</subfield>
    <subfield code="d">2011</subfield>
  </datafield>
  <datafield tag="215" ind1=" " ind2=" ">
    <subfield code="a">475 &#x441;., [12] &#x43B;. &#x446;&#x432;. &#x438;&#x43B;., &#x43A;&#x430;&#x440;&#x442;., &#x43F;&#x43E;&#x440;&#x442;&#x440;., &#x444;&#x430;&#x43A;&#x441;.</subfield>
    <subfield code="c">&#x438;&#x43B;., &#x43A;&#x430;&#x440;&#x442;., &#x43F;&#x43E;&#x440;&#x442;&#x440;., &#x444;&#x430;&#x43A;&#x441;.</subfield>
    <subfield code="d">26</subfield>
  </datafield>
  <datafield tag="225" ind1="1" ind2=" ">
    <subfield code="a">&#x412;&#x435;&#x43B;&#x438;&#x43A;&#x438;&#x435; &#x43F;&#x443;&#x442;&#x435;&#x448;&#x435;&#x441;&#x442;&#x432;&#x438;&#x44F;</subfield>
  </datafield>
  <datafield tag="327" ind1="1" ind2=" ">
    <subfield code="a">&#x421;&#x43E;&#x434;&#x435;&#x440;&#x436;.: "Roteiro". &#x414;&#x43D;&#x435;&#x432;&#x43D;&#x438;&#x43A; &#x43F;&#x435;&#x440;&#x432;&#x43E;&#x433;&#x43E; &#x43F;&#x443;&#x442;&#x435;&#x448;&#x435;&#x441;&#x442;&#x432;&#x438;&#x44F; &#x412;&#x430;&#x441;&#x43A;&#x43E; &#x434;&#x430; &#x413;&#x430;&#x43C;&#x44B; (1497-1499 &#x433;&#x433;.). &#x41A;&#x430;&#x43B;&#x43A;&#x43E;&#x435;&#x43D;, &#x438;&#x43B;&#x438; &#x413;&#x43E;&#x43B;&#x43B;&#x430;&#x43D;&#x434;&#x441;&#x43A;&#x430;&#x44F; &#x43F;&#x43E;&#x432;&#x435;&#x441;&#x442;&#x44C; &#x43E; &#x432;&#x442;&#x43E;&#x440;&#x43E;&#x43C; &#x43F;&#x443;&#x442;&#x435;&#x448;&#x435;&#x441;&#x442;&#x432;&#x438;&#x438; &#x412;&#x430;&#x441;&#x43A;&#x43E; &#x434;&#x430; &#x413;&#x430;&#x43C;&#x44B; &#x432; &#x41A;&#x430;&#x43B;&#x438;&#x43A;&#x443;&#x442; &#x432; 1502 &#x433;&#x43E;&#x434;&#x443;. &#x412;&#x430;&#x441;&#x43A;&#x43E; &#x434;&#x430; &#x413;&#x430;&#x43C;&#x430; / &#x41A;.&#x418;. &#x41A;&#x443;&#x43D;&#x438;&#x43D;</subfield>
  </datafield>
  <datafield tag="464" ind1=" " ind2="0">
    <subfield code="1">2001#$a"Roteiro". &#x414;&#x43D;&#x435;&#x432;&#x43D;&#x438;&#x43A; &#x43F;&#x435;&#x440;&#x432;&#x43E;&#x433;&#x43E; &#x43F;&#x443;&#x442;&#x435;&#x448;&#x435;&#x441;&#x442;&#x432;&#x438;&#x44F; &#x412;&#x430;&#x441;&#x43A;&#x43E; &#x434;&#x430; &#x413;&#x430;&#x43C;&#x44B; (1497-1499 &#x433;&#x433;.)</subfield>
    <subfield code="1">5170#$a&#x414;&#x43D;&#x435;&#x432;&#x43D;&#x438;&#x43A; &#x43F;&#x435;&#x440;&#x432;&#x43E;&#x433;&#x43E; &#x43F;&#x443;&#x442;&#x435;&#x448;&#x435;&#x441;&#x442;&#x432;&#x438;&#x44F; &#x412;&#x430;&#x441;&#x43A;&#x43E; &#x434;&#x430; &#x413;&#x430;&#x43C;&#x44B; (1497-1499 &#x433;&#x433;.)</subfield>
    <subfield code="t">"Roteiro". &#x414;&#x43D;&#x435;&#x432;&#x43D;&#x438;&#x43A; &#x43F;&#x435;&#x440;&#x432;&#x43E;&#x433;&#x43E; &#x43F;&#x443;&#x442;&#x435;&#x448;&#x435;&#x441;&#x442;&#x432;&#x438;&#x44F; &#x412;&#x430;&#x441;&#x43A;&#x43E; &#x434;&#x430; &#x413;&#x430;&#x43C;&#x44B; (1497-1499 &#x433;&#x433;.)</subfield>
  </datafield>
  <datafield tag="464" ind1=" " ind2="0">
    <subfield code="1">2001#$a&#x41A;&#x430;&#x43B;&#x43A;&#x43E;&#x435;&#x43D;, &#x438;&#x43B;&#x438; &#x413;&#x43E;&#x43B;&#x43B;&#x430;&#x43D;&#x434;&#x441;&#x43A;&#x430;&#x44F; &#x43F;&#x43E;&#x432;&#x435;&#x441;&#x442;&#x44C; &#x43E; &#x432;&#x442;&#x43E;&#x440;&#x43E;&#x43C; &#x43F;&#x443;&#x442;&#x435;&#x448;&#x435;&#x441;&#x442;&#x432;&#x438;&#x438; &#x412;&#x430;&#x441;&#x43A;&#x43E; &#x434;&#x430; &#x413;&#x430;&#x43C;&#x44B; &#x432; &#x41A;&#x430;&#x43B;&#x438;&#x43A;&#x443;&#x442; &#x432; 1502 &#x433;&#x43E;&#x434;&#x443;</subfield>
    <subfield code="1">5170#$a&#x413;&#x43E;&#x43B;&#x43B;&#x430;&#x43D;&#x434;&#x441;&#x43A;&#x430;&#x44F; &#x43F;&#x43E;&#x432;&#x435;&#x441;&#x442;&#x44C; &#x43E; &#x432;&#x442;&#x43E;&#x440;&#x43E;&#x43C; &#x43F;&#x443;&#x442;&#x435;&#x448;&#x435;&#x441;&#x442;&#x432;&#x438;&#x438; &#x412;&#x430;&#x441;&#x43A;&#x43E; &#x434;&#x430; &#x413;&#x430;&#x43C;&#x44B; &#x432; &#x41A;&#x430;&#x43B;&#x438;&#x43A;&#x443;&#x442; &#x432; 1502 &#x433;&#x43E;&#x434;&#x443;</subfield>
    <subfield code="t">&#x41A;&#x430;&#x43B;&#x43A;&#x43E;&#x435;&#x43D;, &#x438;&#x43B;&#x438; &#x413;&#x43E;&#x43B;&#x43B;&#x430;&#x43D;&#x434;&#x441;&#x43A;&#x430;&#x44F; &#x43F;&#x43E;&#x432;&#x435;&#x441;&#x442;&#x44C; &#x43E; &#x432;&#x442;&#x43E;&#x440;&#x43E;&#x43C; &#x43F;&#x443;&#x442;&#x435;&#x448;&#x435;&#x441;&#x442;&#x432;&#x438;&#x438; &#x412;&#x430;&#x441;&#x43A;&#x43E; &#x434;&#x430; &#x413;&#x430;&#x43C;&#x44B; &#x432; &#x41A;&#x430;&#x43B;&#x438;&#x43A;&#x443;&#x442; &#x432; 1502 &#x433;&#x43E;&#x434;&#x443;</subfield>
  </datafield>
  <datafield tag="464" ind1=" " ind2="0">
    <subfield code="1">2001#$a&#x412;&#x430;&#x441;&#x43A;&#x43E; &#x434;&#x430; &#x413;&#x430;&#x43C;&#x430;$f&#x41A;.&#x418;. &#x41A;&#x443;&#x43D;&#x438;&#x43D;</subfield>
    <subfield code="1">700#1$a&#x41A;&#x443;&#x43D;&#x438;&#x43D;$b&#x41A;. &#x418;.$g&#x41A;&#x43E;&#x43D;&#x441;&#x442;&#x430;&#x43D;&#x442;&#x438;&#x43D; &#x418;&#x43B;&#x44C;&#x438;&#x447;$4070</subfield>
    <subfield code="t">&#x412;&#x430;&#x441;&#x43A;&#x43E; &#x434;&#x430; &#x413;&#x430;&#x43C;&#x430;</subfield>
    <subfield code="a">&#x41A;&#x443;&#x43D;&#x438;&#x43D;, &#x41A;&#x43E;&#x43D;&#x441;&#x442;&#x430;&#x43D;&#x442;&#x438;&#x43D; &#x418;&#x43B;&#x44C;&#x438;&#x447;</subfield>
  </datafield>
  <datafield tag="517" ind1="0" ind2=" ">
    <subfield code="a">&#x41F;&#x443;&#x442;&#x435;&#x448;&#x435;&#x441;&#x442;&#x432;&#x438;&#x44F; &#x432; &#x418;&#x43D;&#x434;&#x438;&#x44E;</subfield>
  </datafield>
  <datafield tag="600" ind1=" " ind2="1">
    <subfield code="a">&#x412;&#x430;&#x441;&#x43A;&#x43E; &#x434;&#x430; &#x413;&#x430;&#x43C;&#x430;</subfield>
    <subfield code="f">1469 - 1524</subfield>
    <subfield code="x">&#x41F;&#x443;&#x442;&#x435;&#x448;&#x435;&#x441;&#x442;&#x432;&#x438;&#x44F;</subfield>
    <subfield code="9">2080065</subfield>
    <subfield code="3">RU\NLR\auth\661255976</subfield>
  </datafield>
  <datafield tag="607" ind1=" " ind2=" ">
    <subfield code="a">&#x418;&#x43D;&#x434;&#x438;&#x44F;</subfield>
    <subfield code="x">&#x41E;&#x442;&#x43A;&#x440;&#x44B;&#x442;&#x438;&#x435; &#x438; &#x438;&#x441;&#x441;&#x43B;&#x435;&#x434;&#x43E;&#x432;&#x430;&#x43D;&#x438;&#x44F;</subfield>
    <subfield code="x">&#x418;&#x441;&#x442;&#x43E;&#x440;&#x438;&#x44F;</subfield>
    <subfield code="9">1224268</subfield>
    <subfield code="3">RU\NLR\auth\66180271</subfield>
  </datafield>
  <datafield tag="686" ind1=" " ind2=" ">
    <subfield code="a">&#x414;9(57&#x418;&#x434;)023,0</subfield>
    <subfield code="2">rubbk</subfield>
  </datafield>
  <datafield tag="686" ind1=" " ind2=" ">
    <subfield code="a">&#x414;8&#x434;(3)&#x413;&#x430;&#x43C;&#x430; &#x412;.,0</subfield>
    <subfield code="2">rubbk</subfield>
  </datafield>
  <datafield tag="686" ind1=" " ind2=" ">
    <subfield code="a">&#x414;8&#x434;(3)&#x412;&#x430;&#x441;&#x43A;&#x43E; &#x434;&#x430; &#x413;&#x430;&#x43C;&#x430;</subfield>
  </datafield>
  <datafield tag="686" ind1=" " ind2=" ">
    <subfield code="a">&#x414;890(57&#x418;&#x434;)023</subfield>
  </datafield>
  <datafield tag="702" ind1=" " ind2="1">
    <subfield code="a">&#x41B;&#x435;&#x442;&#x431;&#x435;&#x440;&#x433;</subfield>
    <subfield code="b">&#x418;.</subfield>
    <subfield code="4">730</subfield>
  </datafield>
  <datafield tag="702" ind1=" " ind2="0">
    <subfield code="4">570</subfield>
    <subfield code="8">rus</subfield>
    <subfield code="7">ca</subfield>
    <subfield code="a">&#x412;&#x430;&#x441;&#x43A;&#x43E; &#x434;&#x430; &#x413;&#x430;&#x43C;&#x430;</subfield>
    <subfield code="f">1469-1524</subfield>
    <subfield code="3">RU\NLR\AUTH\7711584</subfield>
    <subfield code="9">121326</subfield>
  </datafield>
  <datafield tag="801" ind1=" " ind2="0">
    <subfield code="a">RU</subfield>
    <subfield code="b">RuMoRKP</subfield>
    <subfield code="c">20110411</subfield>
    <subfield code="g">rcr</subfield>
  </datafield>
  <datafield tag="801" ind1=" " ind2="1">
    <subfield code="a">RU</subfield>
    <subfield code="b">&#x420;&#x413;&#x411;</subfield>
    <subfield code="c">20110411</subfield>
  </datafield>
  <datafield tag="801" ind1=" " ind2="2">
    <subfield code="a">RU</subfield>
    <subfield code="b">NLR</subfield>
    <subfield code="c">20110506</subfield>
    <subfield code="g">rcr</subfield>
  </datafield>
  <datafield tag="942" ind1=" " ind2=" ">
    <subfield code="c">BOOK</subfield>
  </datafield>
  <datafield tag="980" ind1=" " ind2=" ">
    <subfield code="a">NB</subfield>
  </datafield>
  <datafield tag="980" ind1=" " ind2=" ">
    <subfield code="a">NBR</subfield>
  </datafield>
  <datafield tag="995" ind1=" " ind2=" ">
    <subfield code="5">2011-05-06</subfield>
    <subfield code="a">ad</subfield>
    <subfield code="b">NLR01</subfield>
    <subfield code="c">NLR01</subfield>
    <subfield code="e">RF8</subfield>
    <subfield code="f">3412580</subfield>
    <subfield code="k">2011-7/2477</subfield>
    <subfield code="o">0</subfield>
    <subfield code="r">BOOK</subfield>
    <subfield code="s">201172477_</subfield>
  </datafield>
  <datafield tag="995" ind1=" " ind2=" ">
    <subfield code="5">2011-05-06</subfield>
    <subfield code="a">ad</subfield>
    <subfield code="b">NLR01</subfield>
    <subfield code="c">NLR01</subfield>
    <subfield code="e">RF8</subfield>
    <subfield code="f">3412582</subfield>
    <subfield code="k">2011-7/2477</subfield>
    <subfield code="o">0</subfield>
    <subfield code="r">BOOK</subfield>
    <subfield code="s">201172477_</subfield>
  </datafield>
</record>
